Dime tú, que digo yo / (Registro nro. 14990)

Detalles MARC
000 -LEADER
fixed length control field 01029nam a2200313 i 4500
001 - CONTROL NUMBER
control field 000044381
003 - CONTROL NUMBER IDENTIFIER
control field DO-SdBPM
005 - DATE AND TIME OF LATEST TRANSACTION
control field 20250306125403.0
007 - PHYSICAL DESCRIPTION FIXED FIELD--GENERAL INFORMATION
fixed length control field ta
008 - FIXED-LENGTH DATA ELEMENTS--GENERAL INFORMATION
fixed length control field 140626s2019 dr a 000 j spa d
020 ## - INTERNATIONAL STANDARD BOOK NUMBER
International Standard Book Number 9789993489184
040 ## - CATALOGING SOURCE
Original cataloging agency DO-SdBNP
Language of cataloging spa
Transcribing agency BPMSU
Description conventions rda
082 #4 - DEWEY DECIMAL CLASSIFICATION NUMBER
Classification number RD863.44
Item number C117d 2019
Edition number 22
100 1# - MAIN ENTRY--PERSONAL NAME
Personal name Cabral, Lucía Amelia,
Dates associated with a name 1944-
Relator term autora
245 10 - TITLE STATEMENT
Title Dime tú, que digo yo /
Statement of responsibility, etc. Lucía Amelia Cabral ; ilustraciones, Adela Dore
264 ## - PRODUCTION, PUBLICATION, DISTRIBUTION, MANUFACTURE, AND COPYRIGHT NOTICE
Place of production, publication, distribution, manufacture Santo Domingo :
Name of producer, publisher, distributor, manufacturer EDINDOM,
Date of production, publication, distribution, manufacture, or copyright notice 2019.
300 ## - PHYSICAL DESCRIPTION
Extent [127] páginas :
Other physical details ilustraciones ;
Dimensions 24 cm.
336 ## - CONTENT TYPE
Content type term texto
Content type code txt
Source rdacontent
337 ## - MEDIA TYPE
Media type term sin mediación
Media type code n
Source rdamedia
338 ## - CARRIER TYPE
Carrier type term volumen
Carrier type code nc
Source rdacarrier
590 ## - LOCAL NOTE (RLIN)
Local note Inventariado, 2025 /VM
650 #4 - SUBJECT ADDED ENTRY--TOPICAL TERM
Topical term or geographic name as entry element Cuentos infantiles dominicanos
650 #4 - SUBJECT ADDED ENTRY--TOPICAL TERM
Topical term or geographic name as entry element Literatura infantil dominicana
650 z# - SUBJECT ADDED ENTRY--TOPICAL TERM
Topical term or geographic name as entry element Dominican children’s stories
650 z# - SUBJECT ADDED ENTRY--TOPICAL TERM
Topical term or geographic name as entry element Children's stories, dominican
700 1# - ADDED ENTRY--PERSONAL NAME
Personal name Dore, Adela,
Relator term ilustraciones
910 ## - USER-OPTION DATA (OCLC)
User-option data VMateo V. Control de Calidad. BPMSU
942 ## - ADDED ENTRY ELEMENTS (KOHA)
Source of classification or shelving scheme Dewey Decimal Classification
Koha item type Libros
Existencias
Withdrawn status Lost status Source of classification or shelving scheme Damaged status Not for loan Collection code Home library Current library Date acquired Total Checkouts Full call number Barcode Date last seen Price effective from Koha item type
    Dewey Decimal Classification     Colección Infantil Dominicana Biblioteca Pública Metropolitana Salomé Ureña Biblioteca Pública Metropolitana Salomé Ureña 03/06/2025   BPMSU CDI RD863.44 C117d 2019 BPMSU25030054 03/06/2025 03/06/2025 Libros